Normal view
MARC view
Entry Personal Name
001 - CONTROL NUMBER
- control field: 848078
003 - CONTROL NUMBER IDENTIFIER
- control field: OSt
005 - DATE AND TIME OF LATEST TRANSACTION
- control field: 20251010155212.0
008 - FIXED-LENGTH DATA ELEMENTS
- fixed length control field: 251010|| aca||aabn | a|a d
040 ## - CATALOGING SOURCE
- Original cataloging agency: OSt
- Transcribing agency: OSt
100 ## - HEADING--PERSONAL NAME
- Personal name: सुधा सिंह
670 ## - SOURCE DATA FOUND
- Source citation: Work cat.: (OSt)298086: सुधा सिंह, ज्ञान का स्त्रीवादी पाठ, 2008
